00680 2200229 4500001002100000005001500021035002000036007000300056008004100059020002200100082001600122084002200138100002600160245004700186250002000233260006800253300003200321650003700353650002600390856001800416990001600434INLIS00000000000001020250710105953 a0010-0725000010ta250710 a 0 ind  a978-623-472-404-2 a398.209 598 a398.209 598 APT k0 aApte, Anupama Ajinkya1 aKotak Barang Gulli /cAnupama Ajinkya Apte aCetakan Pertama aJakarta Timur :bBadan Pengembangan dan Pembinaan Bahasa,c2024 a20 hlm. :bilus. ;c22,9 cm 4aCerita Anak Indonesia-Terjemahan 4aLiterasi-Bahan Bacaan aTBM As Suhada aTBM01990199